| 000 | 00457nam a2200169 a 4500 | ||
|---|---|---|---|
| 001 | 0000-9253 | ||
| 003 | ELIB.Books | ||
| 008 | 110520 1966 | ||
| 035 | _a(ELIB.Books)0000-9405 | ||
| 082 |
_a268.5 _bAni |
||
| 100 | _aAniello, Robert S. | ||
| 245 | _aWhat Can I do for an Art Lesson? | ||
| 260 |
_bNew York; Parker Publishing Company Inc. _c1966 |
||
| 650 | _aChristian Education | ||
| 942 |
_2ddc _cBK |
||
| 998 |
_cbat _e2011-05-20 |
||
| 999 |
_c9253 _d9253 |
||